|
|
|
|
| LEADER |
00000nam0a2200000 4500 |
| 001 |
250306 |
| 005 |
20231101232542.0 |
| 010 |
|
|
|a 9785991636049
|
| 035 |
|
|
|a (RuTPU)RU\TPU\book\272491
|
| 090 |
|
|
|a 250306
|
| 100 |
|
|
|a 20140212d2014 m y0rusy50 ca
|
| 101 |
0 |
|
|a rus
|
| 102 |
|
|
|a RU
|
| 105 |
|
|
|a y j 001zy
|
| 200 |
1 |
|
|a Философия и методология науки
|e учебник для магистратуры
|f Г. Н. Кузьменко, Г. П. Отюцкий
|g Российский государственный социальный университет
|
| 210 |
|
|
|a Москва
|c Юрайт
|d 2014
|
| 215 |
|
|
|a 450 с.
|
| 225 |
1 |
|
|a Магистр
|
| 320 |
|
|
|a Библиогр. в конце гл.
|
| 320 |
|
|
|a Библиогр.: с. 447-451.
|
| 330 |
|
|
|a В учебнике рассматриваются предмет и основные концепции современной философии науки, а также социально-философская проблематика науки, раскрывающая ее место в культуре современной цивилизации. Освещаются проблемы эпистемологии науки: охарактеризована структура эмпирического и теоретического знания, а также проблемы роста и развития научного знания. Обсуждаются проблемы методологии науки и анализируются основные методы современной науки. Рассматриваются актуальные философские проблемы социальной работы.Соответствует Федеральному государственному образовательному стандарту высшего профессионального образования третьего поколения. Для магистров, обучающихся по гуманитарным направлениям и специальностям, аспирантов, преподавателей, научных работников.
|
| 606 |
1 |
|
|a Наука
|x Философские проблемы
|x Методология
|x Логика
|2 stltpush
|3 (RuTPU)RU\TPU\subj\45081
|9 64343
|
| 610 |
1 |
|
|a история
|
| 610 |
1 |
|
|a философия
|
| 610 |
1 |
|
|a научные знания
|
| 610 |
1 |
|
|a истинность
|
| 610 |
1 |
|
|a рациональность
|
| 610 |
1 |
|
|a ценности
|
| 610 |
1 |
|
|a социально-гуманитарные науки
|
| 610 |
1 |
|
|a научное познание
|
| 610 |
1 |
|
|a исследовательские проекты
|
| 610 |
1 |
|
|a научная методология
|
| 610 |
1 |
|
|a научная проблема
|
| 610 |
1 |
|
|a гипотетико-дедуктивный метод
|
| 610 |
1 |
|
|a абдукция
|
| 610 |
1 |
|
|a социальная работа
|
| 610 |
1 |
|
|a учебные пособия
|
| 686 |
|
|
|a Ю25я73
|v LBC/SL-A
|2 rubbk
|
| 700 |
|
1 |
|a Кузьменко
|b Г. Н.
|g Григорий Николаевич
|
| 701 |
|
1 |
|a Отюцкий
|b Г. П.
|g Геннадий Павлович
|
| 712 |
0 |
2 |
|a Российский государственный социальный университет
|2 stltpush
|3 (RuTPU)RU\TPU\col\7804
|
| 801 |
|
1 |
|a RU
|b 63413507
|c 20140212
|
| 801 |
|
2 |
|a RU
|b 63413507
|c 20150615
|g RCR
|
| 942 |
|
|
|c BK
|
| 959 |
|
|
|a 23/20140207
|d 7
|e 469,00
|f ЧЗГЛ:1
|f АНЛ:1
|f УФ:5
|